<?xml version="1.0" encoding="UTF-8"?>
<record
    xmlns:xsi="http://www.w3.org/2001/XMLSchema-instance"
    xsi:schemaLocation="http://www.loc.gov/MARC21/slim http://www.loc.gov/standards/marcxml/schema/MARC21slim.xsd"
    xmlns="http://www.loc.gov/MARC21/slim">

  <leader>02212cas a2200433 a 4500</leader>
  <datafield tag="999" ind1=" " ind2=" ">
    <subfield code="c">7979</subfield>
    <subfield code="d">7979</subfield>
  </datafield>
  <controlfield tag="001">991005658539706706</controlfield>
  <controlfield tag="003">OSt</controlfield>
  <controlfield tag="005">20250116161822.0</controlfield>
  <controlfield tag="008">010424d19181930spca| p|| ||| 0   b|spa  </controlfield>
  <datafield tag="035" ind1=" " ind2=" ">
    <subfield code="a">(ES-BaCBU).b26221135</subfield>
  </datafield>
  <datafield tag="035" ind1=" " ind2=" ">
    <subfield code="a">(OCoLC)807620326</subfield>
  </datafield>
  <datafield tag="040" ind1=" " ind2=" ">
    <subfield code="a">ES-BaBC</subfield>
    <subfield code="b">cat</subfield>
    <subfield code="c">CDMR</subfield>
  </datafield>
  <datafield tag="041" ind1="0" ind2=" ">
    <subfield code="a">spa</subfield>
    <subfield code="b">fre</subfield>
  </datafield>
  <datafield tag="080" ind1=" " ind2=" ">
    <subfield code="a">070(467.1 Ba Barcelona)(058)</subfield>
  </datafield>
  <datafield tag="110" ind1="2" ind2=" ">
    <subfield code="a">Asociaci&#xF3;n de Periodistas de Barcelona.</subfield>
  </datafield>
  <datafield tag="245" ind1="1" ind2="0">
    <subfield code="a">Memoria de la Asociaci&#xF3;n de Periodistas de Barcelona</subfield>
    <subfield code="c">/ Asociaci&#xF3;n de Periodistas de Barcelona</subfield>
  </datafield>
  <datafield tag="260" ind1=" " ind2=" ">
    <subfield code="a">Barcelona:</subfield>
    <subfield code="b">Asociaci&#xF3;n de Periodistas de Barcelona,</subfield>
    <subfield code="c">[1918?]-[1930]</subfield>
  </datafield>
  <datafield tag="300" ind1=" " ind2=" ">
    <subfield code="a">vol. ;</subfield>
    <subfield code="c">20 cm</subfield>
  </datafield>
  <datafield tag="310" ind1=" " ind2=" ">
    <subfield code="a">Anual</subfield>
  </datafield>
  <datafield tag="362" ind1="1" ind2=" ">
    <subfield code="a">Comen&#xE7;a: 1917. No es publica del 1918 al 1925. Acaba: 1929</subfield>
  </datafield>
  <datafield tag="500" ind1=" " ind2=" ">
    <subfield code="a">T&#xED;t. a la coberta el 1927: Memoria de los trabajos realizados por la Junta Directiva durante el a&#xF1;o ... ; el 1928 desapareix a la coberta el t&#xED;tol "Memoria", nom&#xE9;s el nom de l'entitat</subfield>
  </datafield>
  <datafield tag="500" ind1=" " ind2=" ">
    <subfield code="a">Tamb&#xE9; es publica en catal&#xE0;</subfield>
  </datafield>
  <datafield tag="500" ind1=" " ind2=" ">
    <subfield code="a">Descripci&#xF3; basada en: 1926</subfield>
  </datafield>
  <datafield tag="515" ind1=" " ind2=" ">
    <subfield code="a">La data de la numeraci&#xF3; &#xE9;s anterior al volum publicat</subfield>
  </datafield>
  <datafield tag="546" ind1=" " ind2=" ">
    <subfield code="a">Alguns textos en franc&#xE8;s</subfield>
  </datafield>
  <datafield tag="856" ind1=" " ind2=" ">
    <subfield code="u">https://arca.bnc.cat/arcabib_pro/ca/consulta/registro.do?id=2800</subfield>
    <subfield code="z">Acc&#xE9;s lliure (ARCA)</subfield>
  </datafield>
  <datafield tag="902" ind1=" " ind2=" ">
    <subfield code="a">Patrimoni</subfield>
  </datafield>
  <datafield tag="907" ind1=" " ind2=" ">
    <subfield code="a">.b26221135</subfield>
    <subfield code="b">23-06-21</subfield>
    <subfield code="c">08-05-08</subfield>
    <subfield code="d">07-05-08</subfield>
    <subfield code="e">s</subfield>
    <subfield code="f">b</subfield>
    <subfield code="g">p</subfield>
    <subfield code="h">cat</subfield>
    <subfield code="i">spc</subfield>
    <subfield code="j">0</subfield>
    <subfield code="k">2</subfield>
  </datafield>
  <datafield tag="908" ind1=" " ind2=" ">
    <subfield code="a">BC</subfield>
    <subfield code="a">CLR</subfield>
    <subfield code="a">UAB</subfield>
    <subfield code="a">RABL</subfield>
    <subfield code="a">AHS</subfield>
    <subfield code="a">ANC</subfield>
  </datafield>
  <datafield tag="940" ind1=" " ind2=" ">
    <subfield code="a">BC</subfield>
  </datafield>
  <datafield tag="942" ind1=" " ind2=" ">
    <subfield code="2">udc</subfield>
    <subfield code="c">RES</subfield>
  </datafield>
  <datafield tag="949" ind1=" " ind2=" ">
    <subfield code="a">1003010815</subfield>
    <subfield code="b">D3 965/1</subfield>
    <subfield code="c">1</subfield>
    <subfield code="d">0</subfield>
    <subfield code="e">0</subfield>
    <subfield code="f">02.05.05</subfield>
    <subfield code="g">1</subfield>
    <subfield code="h">1927</subfield>
    <subfield code="k">1300</subfield>
    <subfield code="m">02.05.05</subfield>
    <subfield code="n">02.05.05</subfield>
    <subfield code="o">0</subfield>
    <subfield code="p">Fons: Turull.</subfield>
  </datafield>
  <datafield tag="949" ind1=" " ind2=" ">
    <subfield code="a">1003010816</subfield>
    <subfield code="b">D3 965/2</subfield>
    <subfield code="c">1</subfield>
    <subfield code="d">0</subfield>
    <subfield code="e">0</subfield>
    <subfield code="f">02.05.05</subfield>
    <subfield code="g">1</subfield>
    <subfield code="h">1922</subfield>
    <subfield code="k">1300</subfield>
    <subfield code="m">02.05.05</subfield>
    <subfield code="n">02.05.05</subfield>
    <subfield code="o">0</subfield>
    <subfield code="p">Fons: Turull.</subfield>
  </datafield>
  <datafield tag="949" ind1=" " ind2=" ">
    <subfield code="a">1003010817</subfield>
    <subfield code="b">D3 965/3</subfield>
    <subfield code="c">1</subfield>
    <subfield code="d">0</subfield>
    <subfield code="e">0</subfield>
    <subfield code="f">02.05.05</subfield>
    <subfield code="g">1</subfield>
    <subfield code="h">1924</subfield>
    <subfield code="k">1300</subfield>
    <subfield code="m">02.05.05</subfield>
    <subfield code="n">02.05.05</subfield>
    <subfield code="o">0</subfield>
    <subfield code="p">Fons: Turull.</subfield>
  </datafield>
  <datafield tag="949" ind1=" " ind2=" ">
    <subfield code="a">1003010818</subfield>
    <subfield code="b">BR 965/4</subfield>
    <subfield code="c">2</subfield>
    <subfield code="d">0</subfield>
    <subfield code="e">0</subfield>
    <subfield code="f">02.05.05</subfield>
    <subfield code="g">1</subfield>
    <subfield code="h">1924</subfield>
    <subfield code="k">1300</subfield>
    <subfield code="m">02.05.05</subfield>
    <subfield code="n">02.05.05</subfield>
    <subfield code="o">0</subfield>
    <subfield code="p">Fons: Turull.</subfield>
  </datafield>
  <datafield tag="949" ind1=" " ind2=" ">
    <subfield code="a">1003010819</subfield>
    <subfield code="b">D3 965/5</subfield>
    <subfield code="c">1</subfield>
    <subfield code="d">0</subfield>
    <subfield code="e">0</subfield>
    <subfield code="f">02.05.05</subfield>
    <subfield code="g">1</subfield>
    <subfield code="h">1925</subfield>
    <subfield code="k">1300</subfield>
    <subfield code="m">02.05.05</subfield>
    <subfield code="n">02.05.05</subfield>
    <subfield code="o">0</subfield>
    <subfield code="p">Fons: Turull.</subfield>
  </datafield>
  <datafield tag="949" ind1=" " ind2=" ">
    <subfield code="a">1003010822</subfield>
    <subfield code="b">D3 965/18</subfield>
    <subfield code="c">2</subfield>
    <subfield code="d">0</subfield>
    <subfield code="e">0</subfield>
    <subfield code="f">02.05.05</subfield>
    <subfield code="g">1</subfield>
    <subfield code="h">1922</subfield>
    <subfield code="k">1300</subfield>
    <subfield code="m">02.05.05</subfield>
    <subfield code="n">02.05.05</subfield>
    <subfield code="o">0</subfield>
    <subfield code="p">Fons: Turull.</subfield>
  </datafield>
  <datafield tag="949" ind1=" " ind2=" ">
    <subfield code="a">1003010825</subfield>
    <subfield code="b">D3 965/26</subfield>
    <subfield code="c">1</subfield>
    <subfield code="d">0</subfield>
    <subfield code="e">0</subfield>
    <subfield code="f">02.05.05</subfield>
    <subfield code="g">1</subfield>
    <subfield code="h">1926</subfield>
    <subfield code="k">1300</subfield>
    <subfield code="m">02.05.05</subfield>
    <subfield code="n">02.05.05</subfield>
    <subfield code="o">0</subfield>
    <subfield code="p">Fons: Turull.</subfield>
  </datafield>
  <datafield tag="952" ind1=" " ind2=" ">
    <subfield code="0">0</subfield>
    <subfield code="1">0</subfield>
    <subfield code="4">0</subfield>
    <subfield code="7">1</subfield>
    <subfield code="a">LLEIDA</subfield>
    <subfield code="b">LLEIDA</subfield>
    <subfield code="d">2011-08-02</subfield>
    <subfield code="l">0</subfield>
    <subfield code="o">266APRE</subfield>
    <subfield code="p">LLEIDA1312613537</subfield>
    <subfield code="r">2013-01-16</subfield>
    <subfield code="w">2013-01-16</subfield>
    <subfield code="y">RES</subfield>
  </datafield>
  <datafield tag="952" ind1=" " ind2=" ">
    <subfield code="0">0</subfield>
    <subfield code="1">0</subfield>
    <subfield code="4">0</subfield>
    <subfield code="7">0</subfield>
    <subfield code="a">CDMR</subfield>
    <subfield code="b">CDMR</subfield>
    <subfield code="d">2024-11-21</subfield>
    <subfield code="l">0</subfield>
    <subfield code="o">Du (1917, 1926-1929)</subfield>
    <subfield code="r">2024-11-21</subfield>
    <subfield code="w">2024-11-21</subfield>
    <subfield code="y">RES</subfield>
  </datafield>
</record>
